00520 2200181 4500001002100000005001500021035002000036245011000056100001700166250001100183300002700194260003500221082001000256084001600266020002200282650001200304600002200316INLIS00000000000112020240712094148 a0010-07240001131 aRahasia Resep Masakan Tulang-Sumsum Yang Bikin Kesengsem :bWisata Kuliner Lezat di Rumah /cDapur Entris0 aDapur Entris aCet II a56 hlm ;c14 x 20,5 cm aYogyakarta :bAjarmasak,c2022 a641.5 a641.5 DAP r a978-979-911-393-1 4aMasakan04aJulian Ardhiyanto